000 00316nam a22001337a 4500
008 260429b |||||||| |||| 00| 0 eng d
020 _a978-9364444910
082 _a002031
100 _aSaxena,Pallavi
245 _aGeography of India, 11ed
260 _aChennai
_bMcGraw Hill
_c2025
300 _a886p
942 _2ddc
999 _c1339
_d1339